000 00345nam a22001457a 4500
008 221006b ||||| |||| 00| 0 eng d
020 _a0801610966
041 _aeng
080 _2EIGHTH EDITION
_a617
082 _a617 CRE
100 _a15.1
101 _aORTO
245 _aCAMPBELL'S OPERATIVE ORTHOPAEDICS
_cCRENSHAW A.H
942 _2udc
_cBK
999 _c58393
_d58393